Hollyoaks top 100 characters Quiz Stats

 Plays Quiz not verified by Sporcle

Challenge
Share
Tweet
Embed
Score 0/52 Timer 10:00
1 Play Today
% Correct
91.7%
91.3%
91.3%
91.3%
91.2%
90.7%
90.7%
89.8%
89.6%
89.6%
89.5%
89.1%
88.8%
88.7%
88.6%
88.5%
88.3%
88.2%
88.1%
88%
88%
88%
87.7%
87.6%
87.6%
87.6%
% Correct
87.6%
87.5%
87.5%
87.5%
87.5%
87.3%
87.3%
87.3%
87.3%
87.2%
87.2%
87.1%
87.1%
87%
87%
87%
87%
86.8%
86.7%
86.7%
86.7%
86.7%
86.6%
86.5%
86.5%
86.4%

You're not logged in!

Compare scores with friends on all Sporcle quizzes.
OR
Log In

You Might Also Like...

Show Comments

Extras

Created Feb 22, 2014ReportNominate

Top Quizzes Today


Score Distribution

Your Account Isn't Verified!

In order to create a playlist on Sporcle, you need to verify the email address you used during registration. Go to your Sporcle Settings to finish the process.

Report this User

Report this user for behavior that violates our Community Guidelines.

Details: